Ancient cities and town of Rajasthan : a study of culture and civilization (Record no. 408146)

000 -LEADER
fixed length control field 00504cam a22001457a 4500
008 - FIXED-LENGTH DATA ELEMENTS--GENERAL INFORMATION
fixed length control field 180718b1972 xxu||||| |||| 00| 0 eng d
082 ## - DEWEY DECIMAL CLASSIFICATION NUMBER
Classification number B11x5434 J199
100 ## - MAIN ENTRY--PERSONAL NAME
Personal name Jain, Kailash Chand
245 ## - TITLE STATEMENT
Title Ancient cities and town of Rajasthan : a study of culture and civilization
Statement of responsibility, etc. by Kailash Chand Jain
260 ## - PUBLICATION, DISTRIBUTION, ETC.
Place of publication, distribution, etc. Delhi
Name of publisher, distributor, etc. Motilal Bnarsidass
Date of publication, distribution, etc. 1972
300 ## - PHYSICAL DESCRIPTION
Extent xx, 645
650 ## - SUBJECT ADDED ENTRY--TOPICAL TERM
Topical term or geographic name entry element Rajasthan (India) -History.
650 ## - SUBJECT ADDED ENTRY--TOPICAL TERM
Topical term or geographic name entry element Rajasthan (India) -Civilization
650 ## - SUBJECT ADDED ENTRY--TOPICAL TERM
Topical term or geographic name entry element Cities and towns -India -Rajasthan
Holdings
Withdrawn status Lost status Damaged status Not for loan Permanent Location Current Location Date acquired Full call number Barcode Date last seen Price effective from Koha item type
        Indian Institute of Public Administration Indian Institute of Public Administration 2008-12-16 B11x5434 J199 DA4182 2018-07-21 2018-07-21 DA

Powered by Koha